[Event "Niedersachsen-ch U12"]
[Site "Rotenburg"]
[Date "2012.04.04"]
[Round "8"]
[White "Aden, Keno"]
[Black "Bunzel, Lukas"]
[Result "1-0"]
[WhiteElo "1408"]
[BlackElo "1175"]
[PlyCount "69"]
[EventDate "2012.03.31"]
[EventType "swiss"]
[EventRounds "11"]
[EventCountry "GER"]
[SourceTitle "EXT 2015"]
[Source "ChessBase"]
[SourceDate "2014.11.20"]
[SourceVersion "1"]
[SourceVersionDate "2014.11.20"]
[SourceQuality "1"]

1. e4 e5 2. Nf3 Nc6 3. Bc4 Bc5 4. c3 Nf6 5. d4 exd4 6. cxd4 Bb4+ 7. Nc3 Nxe4 8. 0-0 Bxc3 9. d5 Ne5 10. bxc3 Nxc4 11. Qd4 0-0 12. Qxc4 Nd6 13. Qd3 b6 14. Ng5 f5 15. Re1 Re8 16. Bd2 h6 17. Rxe8+ Qxe8 18. Re1 Qf8 19. Nf3 c6 20. h3 Bb7 21. c4 Ba6 22. Ne5 Re8 23. dxc6 dxc6 24. Qb3 c5 25. Qf3 Ne4 26. Bf4 g5 27. Bh2 Bb7 28. Nd3 Ba8 29. Qh5 Nf6 30. Qg6+ Kh8 31. Rxe8 Nxe8 32. Be5+ Ng7 33. Bf6 b5 34. Ne5 bxc4 35. Nd7 1-0

[Event "Niedersachsen-ch U12"]
[Site "Rotenburg"]
[Date "2012.04.04"]
[Round "9"]
[White "Bunzel, Lukas"]
[Black "Neumann, Tiemon"]
[Result "0-1"]
[WhiteElo "1175"]
[BlackElo "1750"]
[PlyCount "104"]
[EventDate "2012.03.31"]
[EventType "swiss"]
[EventRounds "11"]
[EventCountry "GER"]
[SourceTitle "EXT 2015"]
[Source "ChessBase"]
[SourceDate "2014.11.20"]
[SourceVersion "1"]
[SourceVersionDate "2014.11.20"]
[SourceQuality "1"]

1. e4 e5 2. Nf3 Nc6 3. d4 exd4 4. Nxd4 g6 5. Nxc6 bxc6 6. Bd3 Bg7 7. Nc3 Ne7 8. 0-0 0-0 9. Bc4 Bb7 10. Be3 d5 11. Bb3 d4 12. Bg5 Ba6 13. Re1 dxc3 14. Qxd8 Rfxd8 15. Bxe7 Rd7 16. Ba3 Rad8 17. g3 cxb2 18. Rab1 Bc3 19. Bxb2 Bxe1 20. Rxe1 Rd1 21. Rxd1 Rxd1+ 22. Kg2 Bf1+ 23. Kf3 Bh3 24. c4 Rh1 25. g4 Rxh2 26. Kg3 Rh1 27. Bc2 Bf1 28. Bb3 Bd3 29. Kg2 Bxe4+ 30. f3 Rb1 31. Bd4 Bd3 32. Bxa7 Rb2+ 33. Kg3 Bb1 34. Bd4 Rd2 35. Bc3 Re2 36. f4 Re3+ 37. Kh4 Rxc3 38. Kg5 Kg7 39. f5 gxf5 40. gxf5 Rf3 41. c5 Rxf5+ 42. Kg4 Rxc5 43. Kf4 Ra5 44. a4 c5 45. Ke3 c4 46. Bd1 Ba2 47. Kd4 Bb3 48. Bxb3 cxb3 49. Kc3 Rxa4 50. Kxb3 h5 51. Kxa4 h4 52. Kb5 h3 0-1

[Event "Niedersachsen-ch U12"]
[Site "Rotenburg"]
[Date "2012.04.03"]
[Round "5"]
[White "Bunzel, Lukas"]
[Black "Phunhon Lopez, Daniel Alejandro"]
[Result "1-0"]
[WhiteElo "1175"]
[BlackElo "1307"]
[PlyCount "43"]
[EventDate "2012.03.31"]
[EventType "swiss"]
[EventRounds "11"]
[EventCountry "GER"]
[SourceTitle "EXT 2015"]
[Source "ChessBase"]
[SourceDate "2014.11.20"]
[SourceVersion "1"]
[SourceVersionDate "2014.11.20"]
[SourceQuality "1"]

1. e4 c5 2. Nc3 d6 3. Bc4 Nc6 4. d3 Nf6 5. Bg5 g6 6. f4 Bg7 7. Qe2 0-0 8. 0-0-0 Bg4 9. Nf3 Nd4 10. Qf2 a6 11. h3 Bxf3 12. gxf3 h6 13. Bh4 Qa5 14. Qg2 Rfe8 15. Qxg6 Rf8 16. Rhg1 Ne8 17. Bxe7 Kh8 18. Bxf7 Rxf7 19. Qxf7 Qc7 20. Nd5 Qd7 21. Nf6 Qa4 22. Qg8# 1-0

[Event "Niedersachsen-ch op"]
[Site "Verden"]
[Date "2011.01.05"]
[Round "7"]
[White "Wilkening, Jonas"]
[Black "Bunzel, Lukas"]
[Result "0-1"]
[WhiteElo "748"]
[BlackElo "1027"]
[PlyCount "58"]
[EventDate "2011.01.02"]
[EventType "swiss"]
[EventRounds "7"]
[EventCountry "GER"]
[SourceTitle "EXT 2018"]
[Source "ChessBase"]
[SourceDate "2017.10.13"]
[SourceVersion "1"]
[SourceVersionDate "2017.10.13"]
[SourceQuality "1"]

1. e4 c5 2. Nf3 Nc6 3. Bc4 f6 4. d3 e5 5. Nc3 Nge7 6. 0-0 Nb4 7. Bd2 d5 8. exd5 Nbxd5 9. Nxd5 Nxd5 10. Bxd5 Qxd5 11. Be3 b6 12. c4 Qd7 13. Re1 Bb7 14. Bf4 0-0-0 15. Bg3 h5 16. Nd2 Qxd3 17. Nf3 Qg6 18. Qb3 h4 19. Bxe5 Bxf3 20. Qxf3 fxe5 21. Rxe5 Kb8 22. Qf4 Kc8 23. h3 Bd6 24. Qg4+ Qxg4 25. Rxc5+ Bxc5 26. hxg4 Rd4 27. f3 Rd1+ 28. Kh2 Rxa1 29. Kh3 Rh1# 0-1